Statistiques concernant Top 20 les plus grandes villes d'Afrique

Cliquez ici pour prendre le quiz!

Statistiques générales

  • Ce quiz a été pris 181 fois
  • Le résultat moyen est 15 sur 20

Statistiques - réponses

PopulationVille% Correct
16.8 milLe Caire
98%
3.68 milAlger
97%
13.4 milJohannesbourg / Pretoria
95%
4.13 milLe Cap
93%
3.30 milDakar
90%
10.6 milKinshasa
89%
17.1 milLagos
89%
4.18 milCasablanca
87%
5.20 milNairobi
86%
5.15 milAbidjan
82%
5.15 milAlexandrie
79%
5.50 milKhartoum
79%
3.48 milAddis Abeba
76%
6.80 milLuanda
73%
5.30 milDar es Salaam
62%
4.56 milAccra
59%
3.23 milDurban
46%
3.03 milKampala
41%
4.13 milKano
36%
3.15 milIbadan
19%

Distribution des résultats

Percentile par nombre de réponses

% des personnes avec chaque résultat

Votre développement - résultats

Vous n’avez pas pris ce quiz